| 000 | 006360000a22001090004500 | ||
|---|---|---|---|
| 100 | 1 | _aMelo Velásquez, Hernán A. | |
| 245 | 1 | 0 | _aAmor constante más allá de la muerte |
| 300 | _aVol.0, núm.25 (Octubre, 2007), Páginas 14-15 | ||
| 520 | _aEl sábado 24 de septiembre de 2007, el filósofo y periodista austriaco André Gorz y su esposa, Dorine, de origen inglés, consumaron su deseo de morir juntos tras cincuenta y ocho años de vida en pareja. Fue el final de una historia de amor entre un pensador comprometido y una mujer que le ayudó a asumir su existencia. | ||
| 773 | 0 | _tArcadia / Andrés Felipe Solano, Editor | |
| 942 | _cANA | ||
| 999 |
_c62407 _d62407 |
||